000 00843nam a2200265Ia 4500
003 OSt
005 20220918171316.0
006 a|||||r|||| 00| 0
007 ta
008 220917b |||||||| |||| 00| 0 eng d
020 _a9781474299169 (hbk)
_cUKP 85.00
024 _a317,724
037 _b385, 08/03/2017, Sunrise Books
_cTextual
040 _aARTS
_cARTS
_beng
041 _2eng
_aeng
082 _aR4, Q7
100 _aManoussakis John Panteleimon Au.
_935661
245 0 _aEthics of time
_b phenomenology and hermeneutics of change
260 _aLondon
_bBloomsbury UK
_c2017
300 _axiv,209p.
_ccm.
490 _aBloomsbury studies in continental philisophy
650 _aETHICS
942 _hR4, Q7
_cTEXL
_2CC
999 _c138951
_d138951